| 000 -LEADER |
| fixed length control field |
00710nam a2200229 a 4500 |
| 008 - FIXED-LENGTH DATA ELEMENTS--GENERAL INFORMATION |
| fixed length control field |
190820r20132014ii ad||gd|||| 001 0 eng d |
| 020 ## - INTERNATIONAL STANDARD BOOK NUMBER |
| International Standard Book Number |
97881833316303 |
| Terms of availability |
Rs. 270.00 |
| 040 ## - CATALOGING SOURCE |
| Original cataloging agency |
|
| Language of cataloging |
eng |
| 041 0# - LANGUAGE CODE |
| Language code of text/sound track or separate title |
eng |
| 044 ## - COUNTRY OF PUBLISHING/PRODUCING ENTITY CODE |
| MARC country code |
India |
| 082 04 - DEWEY DECIMAL CLASSIFICATION NUMBER |
| Edition number |
23 |
| Classification number |
005.133 |
| Item number |
K1317 |
| 100 1# - MAIN ENTRY--PERSONAL NAME |
| Personal name |
Kanetkar, Yashavant P. |
| 245 10 - TITLE STATEMENT |
| Title |
Let Us C / |
| 250 ## - EDITION STATEMENT |
| Edition statement |
13th rev. ed. |
| 260 ## - PUBLICATION, DISTRIBUTION, ETC. (IMPRINT) |
| Place of publication, distribution, etc |
New Delhi : |
| Name of publisher, distributor, etc |
BPB Publications, |
| Date of publication, distribution, etc |
2013, reprinted 2014 |
| 300 ## - PHYSICAL DESCRIPTION |
| Extent |
xv, 656 p. : |
| Other physical details |
ill. ; |
| Dimensions |
22 cm. |
| 500 ## - GENERAL NOTE |
| General note |
Includes index. |
| 650 #0 - SUBJECT ADDED ENTRY--TOPICAL TERM |
| Topical term or geographic name as entry element |
C (Computer program language) |
| Form subdivision |
Textbooks |
| 650 #0 - SUBJECT ADDED ENTRY--TOPICAL TERM |
| Topical term or geographic name as entry element |
Programming languages (Electronic computers) |
| Form subdivision |
Textbooks |
| 650 #0 - SUBJECT ADDED ENTRY--TOPICAL TERM |
| Topical term or geographic name as entry element |
Computers |
| Form subdivision |
Textbooks |
| 942 ## - ADDED ENTRY ELEMENTS (KOHA) |
| Item type |
Books |